Daňová kontrola kontrainformačná databanka ku kontrole daní

Pokračovanie príspevku z predchádzajúceho čísla. Informačné riziko a tvorba databánk. Daňové tabu. Ilustračné príklady.

Guardado en:
Detalles Bibliográficos
Autor principal: Burák, Emil
Formato: Capítulo de libro
Lenguaje:eslovaco
Materias:
Etiquetas: Agregar Etiqueta
Sin Etiquetas, Sea el primero en etiquetar este registro!

MARC

LEADER 00000naa a2200000 4500
001 0237855
005 20171204111413.8
041 0 |a slo 
044 |a SK 
245 1 0 |a Daňová kontrola kontrainformačná databanka ku kontrole daní  |c Emil Burák 
520 |a Pokračovanie príspevku z predchádzajúceho čísla. Informačné riziko a tvorba databánk. Daňové tabu. Ilustračné príklady. 
610 2 0 |a informácie 
610 2 0 |a kontrola daňová 
610 2 0 |a tajomstvo daňové 
610 2 0 |a riziko 
100 1 |a Burák, Emil